| 000 | 00976nam a22001937a 4500 | ||
|---|---|---|---|
| 005 | 20230904110909.0 | ||
| 010 | _aB-755662 CHHN 23.8.23 | ||
| 020 |
_a8188521760 _c90.00 |
||
| 035 | _aB-755662 | ||
| 037 | _aहिंदी सेवा सदन प्रकासक | ||
| 082 | _a821.08 | ||
| 245 |
_aसीख कबीर की _b(सन्त कबीर के शिक्षाप्रद दोहे) _cनिकुन्ज अग्रवाल |
||
| 260 |
_aमथुरा _bहिंदी सेवा सदन प्रकासक _c2021 |
||
| 270 |
_a हालनगंज, मथुरा _bमथुरा _e281001 |
||
| 300 |
_a31पृ. _bसचित्र _c19सेमी(अजिल्द) |
||
| 700 |
_aअग्रवाल,निकुन्ज _955830 |
||
| 942 |
_2ddc _cCH _mसीखक _h821.08 |
||
| 999 |
_c197775 _d197775 |
||